[Event "28th BSG Pinkstertoernooi"]
[Site "Bussum NED"]
[Date "2011.06.10"]
[Round "1.8"]
[White "Witt,Rob"]
[Black "Van Renswoude,J"]
[Result "1-0"]
[WhiteElo "2248"]
[BlackElo "2033"]

1.Nf3 Nf6 2.c4 e6 3.g3 b6 4.Bg2 Bb7 5.O-O c5 6.Nc3 Be7 7.d4 cxd4 8.Qxd4 Nc6
9.Qf4 O-O 10.Rd1 a6 11.b3 Bb4 12.Bb2 Ne7 13.a3 Ng6 14.Qd2 Ne4 15.Qc2 Bxc3
16.Bxc3 Nxc3 17.Qxc3 Qc7 18.Qe3 Rfd8 19.Rac1 Rac8 20.b4 d6 21.h4 Bxf3 22.exf3 Ne5
23.Bf1 Qb7 24.Be2 Nd7 25.Rxd6 a5 26.Rcd1 Qc7 27.Qd2  1-0

[Event "Voronezh Master Open"]
[Site "Voronezh RUS"]
[Date "2011.06.12"]
[Round "1.22"]
[White "Zakharchenko,A"]
[Black "Tunik,G"]
[Result "1/2-1/2"]
[WhiteElo "2192"]
[BlackElo "2427"]

1.c4 Nf6 2.Nf3 e6 3.g3 b6 4.Bg2 Bb7 5.O-O c5 6.Nc3 Be7 7.d4 cxd4 8.Qxd4 d6
9.Bg5 a6 10.Rfd1 Nbd7 11.Bxf6 Nxf6 12.Nd2 Bxg2 13.Kxg2 Qc7 14.Nde4 Rd8 15.Rac1 O-O
16.b3 Qb7 17.f3 d5 18.cxd5 Nxd5 19.Nxd5 Rxd5 20.Qe3 Rfd8 21.Rxd5 Rxd5 22.Qf4 Rd7
23.Nf2 h6 24.Rc2 b5 25.Nd3 Bd6 26.Qe4 Qxe4 27.fxe4 Rc7 28.Rxc7 Bxc7 29.Nc5 a5
30.a4 bxa4 31.bxa4 Kf8 32.Nd3 Ke7 33.e5 Bb6 34.Kf3 Bd4 35.Ke4 Bc3 36.Nc5 h5
37.h3 Be1 38.g4 hxg4 39.hxg4 f6 40.Nd3 Bc3  1/2-1/2

[Event "1st Forni Open"]
[Site "Forni di Sopra ITA"]
[Date "2011.06.14"]
[Round "4"]
[White "Matamoros Franco,C"]
[Black "Dvirnyy,D"]
[Result "1/2-1/2"]
[WhiteElo "2542"]
[BlackElo "2448"]

1.Nf3 Nf6 2.c4 c5 3.g3 b6 4.Bg2 Bb7 5.O-O e6 6.Nc3 Be7 7.d4 cxd4 8.Qxd4 d6
9.Bg5 a6 10.Bxf6 Bxf6 11.Qd3 Ra7 12.Rfd1 Be7 13.Ne4 Bxe4 14.Qxe4 O-O 15.Nd4 Rc7
16.b3 Rc5 17.a4 Qc7 18.e3 Rc8 19.Qb1 Bf6 20.Ra2 Rd8 21.Rc2 d5 22.Rdc1 Rc8
23.cxd5 Bxd4 24.Rxc5 Bxc5 25.b4 exd5 26.bxc5 bxc5 27.Bxd5 Nd7 28.Qf5 Nb6
29.Ba2 g6 30.Qf6 Nxa4 31.Rc4 Nb6 32.Rxc5 Qb7 33.Bxf7+ Qxf7 34.Qxb6 Rxc5 35.Qxc5 Qa2
36.Qc8+ Kf7 37.Qd7+ Kf8 38.Qd8+ Kf7 39.Qd7+ Kf8 40.Kg2 a5 41.e4 Qc4 42.Qd6+ Kf7
43.e5 Qe4+ 44.Kf1 g5 45.Qc7+ Ke6 46.Qd6+ Kf7 47.Qc7+ Ke6 48.Qxa5 Qh1+ 49.Ke2 Qe4+
50.Kf1 Qh1+ 51.Ke2 Qe4+ 52.Kd1 Qf3+ 53.Ke1 Qe4+ 54.Kf1  1/2-1/2

[Event "Voronezh Master Open"]
[Site "Voronezh RUS"]
[Date "2011.06.19"]
[Round "7.31"]
[White "Usmanov,V"]
[Black "Shefer,A"]
[Result "1/2-1/2"]
[WhiteElo "2289"]
[BlackElo "2178"]

1.Nf3 Nf6 2.c4 c5 3.g3 b6 4.Bg2 Bb7 5.O-O e6 6.Nc3 Be7 7.d4 cxd4 8.Qxd4 d6
9.b3 O-O 10.Rd1 Nc6 11.Qd2 a6 12.Ba3 d5 13.Bb2 dxc4 14.Qf4 Qb8 15.Qxc4 b5
16.Qh4 Rd8 17.e4 Rxd1+ 18.Rxd1 Qe8 19.e5 Nd5 20.Qg4 Nxc3 21.Bxc3 Rd8 22.Rc1 Ba8
23.h4 Ba3 24.Rc2 Bf8 25.Rd2 Ne7 26.h5 Rxd2 27.Bxd2 Nf5 28.Qf4 Ne7 29.Ng5 Bxg2
30.Kxg2 h6 31.Ne4 Nd5 32.Qf3 Qb8 33.Bf4 Nxf4+ 34.Qxf4 Qb7 35.g4 Be7 36.Qe3 Qc7
37.Qc3 Qb7 38.f3 Qd7 39.Kh3 Qd1 40.Ng3 Bg5 41.Qc6 Be7 42.Qc8+ Bf8 43.Qxa6 b4
44.Qe2 Qa1 45.f4 Qg1 46.f5 Bc5 47.Qf3 Bf8 48.Qc6 exf5 49.gxf5 Qa1 50.Qe8 Qxa2
51.e6 fxe6 52.fxe6 Qxb3 53.Qf7+ Kh7 54.Qxf8 Qxe6+ 55.Nf5 Qf6 56.Qxf6 gxf6
57.Nd4 f5 58.Kg3 Kg7 59.Kf3 Kf7 60.Ke3 Kg7 61.Nb3 Kf6 62.Kf4 Ke6 63.Nc5+ Kf6
64.Nb3 Ke6 65.Nd4+ Kf6 66.Nxf5 b3 67.Ne3 b2 68.Nd5+ Ke6 69.Nc3 Kf6 70.Ke4 Kg5
71.Ke5 Kxh5 72.Kf5 Kh4 73.Kf4 Kh5 74.Kf5 Kh4 75.Nb1 Kg3 76.Kg6 Kf4 77.Kxh6 Ke3
78.Kg5 Kd3 79.Kf4 Ke2 80.Nc3+ Kd3 81.Nb1 Kc2 82.Na3+  1/2-1/2

[Event "Voronezh FIDE Open"]
[Site "Voronezh RUS"]
[Date "2011.06.20"]
[Round "9.29"]
[White "Beliaev,Vi"]
[Black "Klimentov,Evgeny"]
[Result "1/2-1/2"]
[WhiteElo "2057"]
[BlackElo "1729"]

1.Nf3 c5 2.g3 b6 3.Bg2 Bb7 4.O-O Nf6 5.c4 e6 6.Nc3 Be7 7.b3 O-O 8.Bb2 d5
9.d4 Nbd7 10.cxd5 Nxd5 11.Rc1 Rc8 12.Qd2 Bf6 13.Ne4 Be7 14.dxc5 Nxc5 15.Nxc5 Bxc5
16.Ne5 Qe7 17.Nd3 Bd6 18.e4 Bb4 19.Nxb4 Qxb4 20.Qg5 Nc3 21.Qe5 Ne2+ 22.Kh1 f6
23.Qxe6+ Kh8 24.Rxc8 Bxc8 25.Qd5 Nc3 26.Bxc3 Qxc3 27.Rd1 Bg4 28.Qd2 Qc8 29.Rc1 Qa6
30.h3 Be6 31.Kh2 Rc8 32.Rxc8+ Qxc8 33.Qd6 Bg8 34.Qd2 Qc5 35.h4 a5 36.Bh3 Qc6
37.Bg2 Qc5 38.f4 Qb5 39.Qc2 h6 40.Bh3 Bf7 41.Bg4 Bg8 42.Be2 Qb4 43.Bh5 Qb5
44.Qe2 Qc5 45.e5 fxe5 46.fxe5 Be6 47.Bg6 Bg4 48.Qe1 Be6 49.Qe4 Qb5 50.Qe3 a4
51.Bd3 Qb4 52.Bc4 Bxc4 53.bxc4 Qxc4 54.e6 Qc2+ 55.Kh3 Qf5+ 56.g4 Qf8 57.e7 Qe8
58.a3 Kg8 59.Qe6+ Kh7 60.h5 Kh8 61.Kh4 b5 62.Qe4 Kg8 63.Qd5+ Kh7 64.Qd6 Kg8
65.Qe6+ Kh8 66.g5 hxg5+ 67.Kxg5 b4 68.Qe5 Kg8 69.Qd5+ Kh7 70.Qd3+ Kg8 71.Qc4+ Kh7
72.Qd3+ Kg8 73.Qc4+ Kh7 74.Qxb4 Kg8 75.Qc4+ Kh7 76.Qc5 Kh8 77.Qe5 Kh7 78.Qf5+ Kg8
79.Qe6+  1/2-1/2

[Event "61st ch-RUS HL w"]
[Site "Taganrog RUS"]
[Date "2011.06.26"]
[Round "9"]
[White "Kovalevskaya,E"]
[Black "Ovod,E"]
[Result "1/2-1/2"]
[WhiteElo "2427"]
[BlackElo "2404"]

1.c4 b6 2.Nf3 Bb7 3.g3 e6 4.Bg2 c5 5.O-O Nf6 6.Nc3 Be7 7.Re1 d6 8.e4 Nbd7
9.d4 cxd4 10.Nxd4 Qc7 11.b3 a6 12.Bb2 O-O 13.Qd2 Rfe8 14.Rad1 Rad8 15.h3 g6
16.Kh2 h5 17.Nf3 Bc6 18.Rc1 Qb8 19.Qf4 Ba8 20.Qe3 Ne5 21.Qe2 Nxf3+ 22.Bxf3 h4
23.Bg2 hxg3+ 24.fxg3 Nd7 25.Nd1 b5 26.Nf2 Ne5 27.Nd3 bxc4 28.Nxe5 dxe5 29.Rxc4 Qd6
30.Qf2 Rd7 31.Bc3 Rb8 32.Bf3 Qb6 33.Qxb6 Rxb6 34.Rc8+ Rd8 35.Rxd8+ Bxd8 36.Bxe5 Rc6
37.Re2 Ba5 38.Kg2 Kf8 39.Bb2 Rc8 40.e5 Bd5 41.Bxd5 exd5 42.Kf3 Ke7 43.Ke3 Ke6
44.Kd3 Bb6 45.Re1 g5 46.Rc1 Rxc1 47.Bxc1 g4 48.hxg4 Kxe5 49.Bf4+ Ke6 50.b4 Kd7
51.a4 Kc6 52.g5 Ba7 53.Be5 Bb6 54.Ke2 Bd8 55.Bf4 Be7 56.Bd2 d4 57.Kd3 Kd5
58.g4 Bd6 59.Be1 Be7 60.b5 axb5 61.axb5 Bxg5 62.b6 Kc6 63.Kxd4 Kxb6 64.Ke5 Kc6
65.Kf5 Be7 66.Bc3 Kd7 67.Bf6  1/2-1/2

[Event "ch-Commonwealth RSA-Open"]
[Site "Ekurhuleni RSA"]
[Date "2011.06.29"]
[Round "7"]
[White "Davies,Jason S."]
[Black "Karavade,E"]
[Result "1-0"]
[WhiteElo "2048"]
[BlackElo "2343"]

1.Nf3 Nf6 2.c4 e6 3.g3 b6 4.Bg2 Bb7 5.O-O c5 6.Nc3 Be7 7.d3 O-O 8.Re1 d6
9.e4 Nbd7 10.h3 Qc7 11.Nh2 a6 12.f4 Bc6 13.g4 b5 14.Nd5 exd5 15.exd5 Bxd5
16.cxd5 Nb6 17.Bd2 Rac8 18.Ba5 Qa7 19.Bxb6 Qxb6 20.g5 Nd7 21.Kh1 c4 22.dxc4 bxc4
23.b3 cxb3 24.Qxb3 Bd8 25.Qg3  1-0

[Event "1st ch-CHN Rapid Prelim"]
[Site "Hefei CHN"]
[Date "2011.07.03"]
[Round "2"]
[White "Lou Yiping"]
[Black "Yu Yangyi"]
[Result "0-1"]
[WhiteElo "2431"]
[BlackElo "2672"]

1.g3 Nf6 2.Bg2 e6 3.Nf3 c5 4.O-O b6 5.c4 Bb7 6.Nc3 Be7 7.Re1 d6 8.e4 a6 9.b3 O-O
10.Bb2 Nbd7 11.d4 cxd4 12.Qxd4 Qc7 13.Rac1 Rac8 14.Na4 Rfd8 15.Nd2 Bf8 16.h3 Bc6
17.Nc3 Qb8 18.a4 g6 19.Qe3 Bg7 20.f4 Re8 21.b4 Red8 22.Qf2 Ba8 23.Kh2 a5
24.bxa5 Nc5 25.Qe3 bxa5 26.Ba3 Nfd7 27.Rb1 Qa7 28.Nb5 Qa6 29.Red1 Bf8 30.Nb3 Nxb3
31.Qxb3 Nc5 32.Qc2 Bb7 33.Bb2 Qa8 34.Re1 d5 35.exd5 exd5 36.cxd5 Ne6 37.Nc3 Bxd5
38.Bxd5 Qxd5 39.Qf2 Qd4 40.Qf3 Qd3 41.Qxd3 Rxd3 42.Rbc1 Nd4 43.Ne4 Rxc1 44.Rxc1 f5
45.Bxd4 fxe4 46.Bb6 Bb4 47.Kg2 Rd2+ 48.Kf1 Rd3 49.Kg2 Ra3 50.Rc4 Ra2+ 51.Kf1 Rxa4
52.Rxe4 Kf7 53.g4 Ra2 54.Bc7 Bf8 55.Be5 a4 56.f5 a3 57.Ra4 gxf5 58.gxf5 Bc5
59.f6 Ke6 60.Ra5 Rc2 61.Ba1 a2 62.f7 Kxf7 63.Bh8 Ke6 64.Bg7 Kd5 65.Ke1 Kc4
66.Kd1 Rg2 67.Bh8 Kd3 68.Kc1 Be3+  0-1

[Event "1st Crakow Closed GM"]
[Site "Krakow POL"]
[Date "2011.07.04"]
[Round "2.4"]
[White "Fauland,A"]
[Black "Nestorovic,N"]
[Result "1/2-1/2"]
[WhiteElo "2477"]
[BlackElo "2474"]

1.Nf3 Nf6 2.c4 e6 3.g3 b6 4.Bg2 Bb7 5.O-O c5 6.Nc3 a6 7.b3 Be7 8.Bb2 O-O
9.d4 cxd4 10.Nxd4 Qc7 11.e4 d6 12.Qe2 Nbd7 13.Rad1 Rac8 14.f4 g6 15.f5 e5
16.Nc2 b5 17.Ne3 bxc4 18.Nxc4 a5 19.Ne3 Qb6 20.Rf2 Qa7 21.Ncd5 Bxd5 22.Nxd5 Nxd5
23.Rxd5 Nf6 24.Rd2 h5 25.fxg6 fxg6 26.Bh3 Rb8 27.Be6+ Kg7 28.Kg2 Rb4 29.Bc4 Qb7
30.Rxf6 Rxf6 31.Bc3 Qb6 32.Bxb4 axb4 33.Qd3 Rf8 34.h4 Qc5 35.Qe2 Qa5 36.Rd1 Qc5
37.Rf1 Rf6 38.Rxf6  1/2-1/2

[Event "XIII Open"]
[Site "Torredembarra ESP"]
[Date "2011.07.08"]
[Round "7"]
[White "Ivanov,Jo"]
[Black "Oms Pallisse,J"]
[Result "1/2-1/2"]
[WhiteElo "2398"]
[BlackElo "2489"]

1.Nf3 Nf6 2.c4 b6 3.g3 Bb7 4.Bg2 e6 5.O-O c5 6.Nc3 Be7 7.d4 cxd4 8.Qxd4 d6
9.Bg5 a6 10.Bxf6 Bxf6 11.Qf4 O-O 12.Rfd1 Be7 13.Ne4 Bxe4 14.Qxe4 Ra7 15.Nd4 Qc8
16.b3 Bf6 17.Rac1 Rc7 18.Rc2 Rc5 19.Rcd2 b5 20.cxb5 axb5 21.Qb1 b4 22.h4 g6
23.e4 Rd8 24.Nc2 Nc6 25.Kh2 Qc7 26.f4 Bc3 27.Rd3 Na7 28.a4 bxa3 29.Nxa3 Bg7
30.b4 Rc3 31.Rxc3 Qxc3 32.Rd3 Qc7 33.Qb3 Rb8 34.Qc4 Qb6 35.b5 Rc8 36.Qa4 Rc1
37.Nc4 Qxb5 38.Qxb5 Nxb5 39.Nxd6  1/2-1/2

[Event "Faustino Paniagua Memorial"]
[Site "Asuncion URU"]
[Date "2011.07.09"]
[Round "2.2"]
[White "Valiente,C"]
[Black "Kropff,R"]
[Result "1/2-1/2"]
[WhiteElo "2262"]
[BlackElo "2256"]

1.c4 c5 2.Nf3 Nf6 3.g3 b6 4.Bg2 Bb7 5.O-O e6 6.Nc3 Be7 7.Re1 d6 8.e4 a6 9.d4 cxd4
10.Nxd4 Qc7 11.Be3 Nbd7 12.Rc1 O-O 13.b3 Rfe8 14.f3 Rac8  1/2-1/2

[Event "ch-Central Serbia Int Open A"]
[Site "Paracin SRB"]
[Date "2011.07.09"]
[Round "3.40"]
[White "Radosavljevic,SD"]
[Black "Miladinovic,L"]
[Result "1-0"]
[WhiteElo "2223"]
[BlackElo "2074"]

1.Nf3 c5 2.g3 b6 3.Bg2 Bb7 4.O-O e6 5.c4 Nf6 6.Nc3 d6 7.Re1 Be7 8.e4 a6 9.d4 cxd4
10.Nxd4 Qc7 11.Be3 O-O 12.Rc1 Re8 13.f4 Bf8 14.f5 Nbd7 15.fxe6 fxe6 16.Bh3 Nc5
17.b4 Ncxe4 18.Nxe4 Bxe4 19.Nxe6 Qc6 20.Qd4 b5 21.Bg5 Bg6 22.Bg2 Qd7 23.Bxa8 Rxa8
24.cxb5  1-0

[Event "Lev Polugaevsky Mem"]
[Site "Samara RUS"]
[Date "2011.07.09"]
[Round "5"]
[White "Zhurikhin,A"]
[Black "Sidorov,A"]
[Result "1/2-1/2"]
[WhiteElo "2223"]
[BlackElo "2331"]

1.Nf3 Nf6 2.c4 e6 3.g3 b6 4.Bg2 Bb7 5.O-O c5 6.Nc3 Qc8 7.d4 cxd4 8.Qxd4 Bc5
9.Qf4 O-O 10.b3 Nc6 11.Bb2 Ne7 12.Rac1 Ng6 13.Qd2 Rd8 14.Qc2 Bc6 15.a3 Be7
16.b4 Bb7 17.Qb3 Qc7 18.Nb5 Qb8 19.Rfd1 Ne4 20.Nc3 Nf6 21.Nb5 Ne4 22.Nc3 Nf6
23.Nb5 Ne4 24.Nc3  1/2-1/2

[Event "St Pauli Open"]
[Site "Hamburg GER"]
[Date "2011.07.10"]
[Round "2.12"]
[White "Gollasch,T"]
[Black "Nedic,D"]
[Result "0-1"]
[WhiteElo "2096"]
[BlackElo "2268"]

1.Nf3 Nf6 2.c4 c5 3.g3 b6 4.Bg2 Bb7 5.O-O e6 6.d4 cxd4 7.Qxd4 d6 8.Nc3 Be7
9.b3 O-O 10.Ba3 Na6 11.Rfd1 Nc5 12.Ne1 Bxg2 13.Kxg2 a6 14.Rac1 Qb8 15.f3 Rd8
16.b4 Ncd7 17.Nd3 b5 18.Ne4 Nxe4 19.Qxe4 d5 20.cxd5 Nf6 21.Qe5 Nxd5 22.Qxb8 Rdxb8
23.Rd2 Ne3+  0-1

[Event "Open ch-SVK A"]
[Site "Banska Stiavnica SVK"]
[Date "2011.07.11"]
[Round "3"]
[White "Kolesar,Mil"]
[Black "Aczel,G"]
[Result "1/2-1/2"]
[WhiteElo "2143"]
[BlackElo "2470"]

1.Nf3 Nf6 2.c4 b6 3.g3 c5 4.Bg2 Bb7 5.O-O e6 6.Nc3 Be7 7.d4 cxd4 8.Qxd4 d6
9.b3 O-O 10.Rd1 Qc8 11.Ba3 Rd8 12.Qf4 Nh5 13.Qg4 Nf6 14.Qf4 Ne8 15.Ng5 Bxg5
16.Qxg5 Bxg2 17.Kxg2 Na6 18.Rd3 Qc6+ 19.f3 Rd7 20.Rad1 Rad8 21.e4 Nac7 22.Bb2 h6
23.Qd2 a6 24.Qe3 b5 25.c5 dxc5 26.Rxd7 Rxd7 27.Rxd7 Qxd7 28.Qxc5 Qd3 29.Qf2 f6
30.Qe2 Qd7 31.Nd1 Qc6 32.Ne3 Kf7 33.h4 h5 34.Qd2 Na8 35.Ba3 Nb6 36.Nd1 Nc8
37.Qc3 Qxc3 38.Nxc3 Na7 39.Kf2 Nc6 40.Bc5 f5 41.exf5 exf5 42.Nd5 g6 43.Nb4 Nxb4
44.Bxb4 Nf6 45.Ke2 f4 46.g4 hxg4 47.fxg4 Nxg4 48.Bd6 Ke6 49.Bxf4 Kf5 50.Bg5 Ne5
51.Ke3 Nc6 52.Kd2 Ke4 53.Kc3 Kd5 54.a4 Ke5 55.axb5 axb5 56.Bh6 Ke4 57.Bg5 Kd5
58.Bh6  1/2-1/2

[Event "Myrhorod Open A"]
[Site "Myrhorod UKR"]
[Date "2011.07.11"]
[Round "4.5"]
[White "Sergienko,Vladislav"]
[Black "Tovmasian,V"]
[Result "1/2-1/2"]
[WhiteElo "2199"]
[BlackElo "2371"]

1.Nf3 Nf6 2.c4 e6 3.g3 b6 4.Bg2 Bb7 5.O-O c5 6.Nc3 Be7 7.b3 O-O 8.Bb2 d5
9.cxd5 exd5 10.d4 Nbd7 11.Rc1 Re8 12.Qc2 Rc8 13.Rfd1 Bd6 14.e3 c4 15.Nd2 Ba6
16.Nxd5 Nxd5 17.Bxd5 c3 18.Bxc3 Ba3 19.Rb1 Nf6 20.Bg2 Nd5 21.Nc4 b5 22.Ba5 Qd7
23.Nxa3 Rxc2 24.Nxc2 f5 25.Rbc1 Bb7 26.Nb4 f4  1/2-1/2

[Event "ch-Central Serbia Int Open A"]
[Site "Paracin SRB"]
[Date "2011.07.12"]
[Round "5.28"]
[White "Stefanovic,V"]
[Black "Bojovic,D"]
[Result "1-0"]
[WhiteElo "2176"]
[BlackElo "2320"]

1.c4 c5 2.Nf3 e6 3.g3 b6 4.Bg2 Bb7 5.O-O Nf6 6.Nc3 Be7 7.Re1 a6 8.e4 d6 9.d4 cxd4
10.Nxd4 Qc7 11.Be3 Nbd7 12.Rc1 O-O 13.f4 Rfd8 14.g4 Nc5 15.Bf2 d5 16.cxd5 Qxf4
17.b4 Ncxe4 18.Nxe4 Bxd5 19.Bg3 Qxg4 20.Nxf6+  1-0

[Event "111th ch-SUI"]
[Site "Leukerbad SUI"]
[Date "2011.07.13"]
[Round "7"]
[White "Sutter,O"]
[Black "Antognini,F"]
[Result "1/2-1/2"]
[WhiteElo "2361"]
[BlackElo "2240"]

1.Nf3 Nf6 2.c4 c5 3.g3 b6 4.Bg2 Bb7 5.O-O e6 6.Nc3 Be7 7.Re1 d6 8.e4 a6 9.d4 cxd4
10.Nxd4 Qc7 11.Be3 Nbd7 12.Rc1 O-O 13.f4 Rfe8 14.g4 g6 15.g5 Nh5 16.f5 exf5
17.Nxf5 Bf8 18.Nd5 Qd8 19.Rf1 Bxd5 20.cxd5 Nc5 21.Rc4 b5 22.Rd4 Bg7 23.Nxg7 Nxg7
24.Qf3 Qe7 25.Qh3 Nd7 26.Rd2 Ne5 27.Rdf2 Rf8 28.Qh4 Rac8 29.Bh3 Rc4 30.b3 Rc3
31.Bd4 Rd3 32.Ba1 h5 33.Kg2 Ng4 34.Rf4 Rd2+ 35.Kg3 Nxh2 36.R1f2 Rxf2 37.Rxf2 Ng4
38.Bxg4 hxg4 39.Qxg4 Re8 40.Kf3 Nh5 41.Rc2 b4 42.Rc4 a5 43.Bb2 Kh7 44.Rc6 Kg8
45.Bd4 Kh7 46.Ke3 Kg8 47.Kd3 Qb7 48.Ke3 Qe7 49.Rc8 Kh7 50.Kd3 Kg8 51.Rxe8+ Qxe8
52.Kc4 Ng7 53.Qf4 Qc8+ 54.Kb5 Ne8 55.Kxa5 Qb7 56.Qh2 Kf8 57.Bf6 Qa7+ 58.Kxb4 Qc5+
59.Ka4 Qa7+ 60.Kb5 Qc5+ 61.Ka6 Qc8+ 62.Ka5 Qc5+  1/2-1/2

[Event "Myrhorod Open A"]
[Site "Myrhorod UKR"]
[Date "2011.07.13"]
[Round "8.5"]
[White "Chernov,Evgen"]
[Black "Tovmasian,V"]
[Result "0-1"]
[WhiteElo "2291"]
[BlackElo "2371"]

1.c4 Nf6 2.Nf3 e6 3.g3 b6 4.Bg2 Bb7 5.O-O c5 6.Nc3 Be7 7.Re1 d6 8.e4 Nbd7
9.d4 cxd4 10.Nxd4 Qc7 11.Ndb5 Qb8 12.Bf4 Ne5 13.Bg5 O-O 14.f4 Nxc4 15.Qe2 Rc8
16.e5 dxe5 17.fxe5 Nd5 18.Bxe7 Nxe7 19.Bxb7 Qxb7 20.b3 a6 21.bxc4 axb5 22.Nxb5 Qc6
23.Nd6 Rc7 24.Qe3 Ng6 25.Reb1 Ra6 26.a4 h6 27.Rb5 Nf8 28.Qf4 Qa8 29.Rf1 Rxa4
30.Rxb6 Qa7 31.Qf2 Ra2 32.Qe3 Nd7 33.Rb3 Nxe5 34.Qxa7 Rcxa7 35.Rb8+ Kh7 36.Rb5 f6
37.Rf2 Ra1+ 38.Kg2 Rc7 39.Re2 Nxc4 40.Nxc4 Rxc4 41.Rxe6 Rc2+ 42.Kf3 Rxh2
43.Re7 Ra3+ 44.Kf4 Rf2+ 45.Kg4 Rg2  0-1

[Event "111th ch-SUI"]
[Site "Leukerbad SUI"]
[Date "2011.07.14"]
[Round "8"]
[White "Vuilleumier,A"]
[Black "Schiendorfer,F"]
[Result "1/2-1/2"]
[WhiteElo "2374"]
[BlackElo "2151"]

1.Nf3 e6 2.g3 b6 3.Bg2 Bb7 4.O-O c5 5.c4 Nf6 6.Nc3 Be7 7.d4 cxd4 8.Qxd4 O-O
9.Rd1 d6 10.b3 a6 11.Bb2 Nbd7 12.Ng5 Bxg2 13.Kxg2 Qc7 14.f3 Rfd8 15.Rd2 Nc5
16.Rad1 Qc6 17.b4 Ncd7 18.Nce4 h6 19.Nxf6+ Bxf6 20.Qe4 d5 21.cxd5 exd5 22.Rxd5 hxg5
23.Rxd7 Qxe4 24.Rxd8+ Bxd8 25.fxe4 Be7 26.a3 Rc8 27.Bd4 b5 28.Kf3 Rc2 29.e5 Kh7
30.Rd3 Kg6 31.Rc3 Rxc3+ 32.Bxc3 Kf5 33.g4+ Ke6 34.Ke4 Bd8 35.Bd2 Be7 36.Kd4 f6
37.exf6 gxf6 38.e4 Bd6 39.h3 Be7 40.Be1 Bd6 41.h4 gxh4 42.Bxh4 Be5+ 43.Kd3 Bb2
44.Be1 Ke5 45.Bg3+ Ke6 46.Bf4 Ba1 47.g5 fxg5 48.Bxg5 Bb2 49.Bf4 Ba1 50.Kc2 Bd4
51.Bc1 Ke5 52.Kd3 Ba1 53.Bh6 Ke6 54.Bd2 Bb2 55.Bc3 Bc1 56.Kd4 Bxa3 57.e5 Kd7
58.Kd5 Ke7 59.Bd2 Kd7 60.e6+ Ke7 61.Bc3 Ke8 62.Ke4 Ke7 63.Kf5 Ke8 64.Kf6 Bc1
65.e7 Ba3 66.Ke6 Bc1 67.Bd4 Bd2 68.Bc5 a5  1/2-1/2

[Event "3rd International Open"]
[Site "Rethymno GRE"]
[Date "2011.07.14"]
[Round "5"]
[White "Ignatiadis,K"]
[Black "Khabarov,Sergey"]
[Result "0-1"]
[WhiteElo "2133"]
[BlackElo "2305"]

1.Nf3 Nf6 2.c4 b6 3.g3 Bb7 4.Bg2 c5 5.O-O e6 6.d4 cxd4 7.Nxd4 Bxg2 8.Kxg2 d6
9.Nc3 Nbd7 10.Ndb5 Qb8 11.Bf4 e5 12.Bg5 a6 13.Na3 Qb7+ 14.Kg1 Be7 15.Bxf6 Nxf6
16.Nd5 Nxd5 17.Qxd5 Qxd5 18.cxd5 Kd7 19.Rac1 Rhc8 20.Nc4 Bd8 21.Nd2 b5 22.Nb3 Bb6
23.e3 e4 24.g4 g6 25.Kg2 Bd8 26.Rxc8 Rxc8 27.Rc1 Bf6 28.Rxc8 Kxc8 29.Nd4 Kd7
30.b3 Bxd4 31.exd4 g5 32.b4 Ke7 33.Kg3 Kf6 34.h4 gxh4+ 35.Kxh4 Kg6 36.g5 h6
37.gxh6 Kxh6  0-1

[Event "Najdorf Memorial"]
[Site "Warsaw POL"]
[Date "2011.07.16"]
[Round "3.23"]
[White "Bjarnehag,P"]
[Black "Hoffmann,Pau"]
[Result "1/2-1/2"]
[WhiteElo "2146"]
[BlackElo "2329"]

1.Nf3 Nf6 2.c4 e6 3.g3 b6 4.Bg2 Bb7 5.O-O c5 6.Nc3 Be7 7.Re1 d6 8.e4 a6 9.d4 cxd4
10.Nxd4 Qc7 11.Be3 Nbd7 12.Rc1 Rc8 13.b3 O-O 14.f3 Rfe8 15.Qd2 h5 16.Kh1 Qb8
17.Red1 Bd8 18.Nc2 Bc7 19.Bf4 Ne5 20.Ne1 Nh7 21.Nd3 Ng6 22.Be3 Rcd8 23.Nf4 Nxf4
24.Bxf4 Nf8 25.Qe2 Rd7 26.Be3 Nh7 27.f4 Nf6 28.Bd4 e5 29.fxe5 dxe5 30.Be3 Rxd1+
31.Rxd1 g6 32.Nd5  1/2-1/2

[Event "15th Battle of Senta Open"]
[Site "Senta SRB"]
[Date "2011.07.17"]
[Round "2.2"]
[White "Dudukovic,N"]
[Black "Pavlov,S2"]
[Result "0-1"]
[WhiteElo "2251"]
[BlackElo "2505"]

1.Nf3 Nf6 2.g3 b6 3.Bg2 Bb7 4.O-O c5 5.c4 e6 6.Nc3 Be7 7.d4 cxd4 8.Nxd4 Bxg2
9.Kxg2 Qc8 10.Bf4 Nh5 11.Be3 Qxc4 12.Rc1 O-O 13.f3 Na6 14.Nf5 Bc5 15.b3 Qb4
16.a3 Qxa3 17.Bd2 Nb4 18.Na4 exf5 19.Ra1 Na2 20.Qb1 Bd4 21.Rxa2 Qe7 22.Bc1 b5
23.Ba3 d6 24.Qd3 Qe5 25.Nb2 a6 26.Rd1 Bc5 27.b4 Bb6 28.Rd2 Rfd8 29.Nd1 d5
30.Rac2 Qe6 31.Bb2 d4 32.Nf2 Nf6 33.Nh3 Nd5 34.Nf4 Ne3+ 35.Kh1 Qd6 36.Rc1 Nc4
37.Rxc4 bxc4 38.Qxc4 Rac8 39.Qb3 Qc6 40.Nd3 Qc4 41.Qa3 Re8 42.Qa1 Re6 43.Nf4 Rd6
44.Nd3 Qb5 45.Ba3 Re6 46.Qd1 h6 47.Bb2 a5 48.Nf4 Rec6 49.Rxd4 Bxd4 50.Qxd4 f6
51.bxa5 Rc4 52.Qd5+ Qxd5 53.Nxd5 R8c5 54.Nb6 Rc2 55.a6 Rxb2 56.a7 Rc1+ 57.Kg2 Rxe2+
58.Kh3 Ra2 59.a8=Q+ Rxa8 60.Nxa8 Rc6  0-1

[Event "4th Paleohora Open"]
[Site "Paleochora GRE"]
[Date "2011.07.23"]
[Round "5"]
[White "Zubarev,Al1"]
[Black "Pap,M"]
[Result "1/2-1/2"]
[WhiteElo "2597"]
[BlackElo "2507"]

1.Nf3 Nf6 2.c4 c5 3.g3 b6 4.Bg2 Bb7 5.O-O e6 6.Nc3 a6 7.d4 cxd4 8.Qxd4 d6
9.Rd1 Nbd7 10.Be3 Be7 11.Qd2 Rc8 12.Bf4 Rxc4 13.Bxd6 Bxd6 14.Qxd6 Rc6 15.Qa3 Rc5
16.Na4 Ra5 17.b4 Qe7 18.Nd4 Bxg2 19.Kxg2 Nb8 20.Qf3 Rxa4 21.Nc6 Qc7 22.Nxb8 O-O
23.Nc6 a5 24.b5 Rc4 25.Qd3 Rc5 26.e4 h6 27.Rac1 Rxc1 28.Rxc1 Kh8 29.Rd1 Rc8
30.a4 Qb7 31.f3 Rc7 32.Qa3 Rd7 33.Rd3 Rxd3 34.Qxd3 Qd7 35.Ne5 Qxd3 36.Nxd3 Nd7
37.f4 Kg8 38.Kf3 Kf8 39.e5 h5 40.h3 Ke7 41.Ke4 g6 42.g4 hxg4 43.hxg4 g5 44.fxg5 Kf8
45.Kf4 Kg7 46.Kg3 Kg6 47.Kh4 Kg7 48.Kh5 Kh7 49.g6+ fxg6+ 50.Kh4 Kh6 51.g5+  1/2-1/2

[Event "16th Balaguer Open"]
[Site "Balaguer ESP"]
[Date "2011.07.24"]
[Round "8"]
[White "Bedoya Ribo,J"]
[Black "Fortuny Profitos,Jordi"]
[Result "1-0"]
[WhiteElo "1915"]
[BlackElo "1715"]

1.c4 c5 2.Nf3 b6 3.g3 Bb7 4.Bg2 e6 5.O-O Nf6 6.Nc3 Be7 7.b3 O-O 8.Bb2 d6
9.e3 a6 10.Qc2 Qc7 11.Rfd1 Nbd7 12.Rac1 Rac8 13.d3 Rfd8 14.Qe2 Qb8 15.Ne1 Ne5
16.d4 cxd4 17.exd4 Ng6 18.Bxb7 Qxb7 19.Qf3 Qxf3 20.Nxf3 d5 21.Na4 Rc6 22.c5 bxc5
23.Nxc5 Rb8 24.Rd2 a5 25.Rdc2 Rbc8 26.Ne1 Nf8 27.Nb7 Rxc2 28.Rxc2 Ra8 29.Rc7 Ng6
30.Nd3 Ne4 31.f3 Nd6 32.Rxe7 Nxe7 33.Nxd6 Ra6 34.Nb5 Nf5 35.Nc5 Rb6 36.a4 Ne7
37.Bc1 h5 38.Bf4  1-0

[Event "4th Paleohora Open"]
[Site "Paleochora GRE"]
[Date "2011.07.24"]
[Round "6"]
[White "Zinchenko,Ya"]
[Black "Zubarev,Al1"]
[Result "1/2-1/2"]
[WhiteElo "2543"]
[BlackElo "2597"]

1.Nf3 Nf6 2.c4 b6 3.g3 Bb7 4.Bg2 c5 5.O-O e6 6.b3 Be7 7.Bb2 O-O 8.Nc3 Ne4
9.Nxe4 Bxe4 10.d3 Bb7 11.e4 d6 12.Nd2 Nc6 13.f4 e5 14.Nf3 Bf6 15.f5 Nd4 16.Bxd4 exd4
17.Qd2  1/2-1/2

[Event "2nd ch-Vojvodina"]
[Site "Novi Sad SRB"]
[Date "2011.07.26"]
[Round "4.5"]
[White "Bogosavljevic,B"]
[Black "Mastrapovic,V"]
[Result "1-0"]
[WhiteElo "2548"]
[BlackElo "2266"]

1.Nf3 Nf6 2.c4 c5 3.g3 b6 4.Bg2 Bb7 5.O-O e6 6.Nc3 d6 7.Re1 Be7 8.e4 Nbd7
9.d4 cxd4 10.Nxd4 Qc7 11.Ndb5 Qb8 12.f4 a6 13.Nd4 O-O 14.Be3 Rc8 15.Qe2 Qc7
16.Rac1 Rab8 17.b3 Nc5 18.Bf2 Ba8 19.h3 Bf8 20.Qd2 Rd8 21.f5 d5 22.cxd5 exd5
23.exd5 Nxd5 24.Qe2 Nxc3 25.Rxc3 Bxg2 26.Kxg2 Qd7 27.Qf3 Re8 28.Rd1 Rbd8
29.Rcc1 Qd5 30.Nc6 Qxf3+ 31.Kxf3 Rc8 32.Nd4 Nd7 33.Rxc8 Rxc8 34.Nc6 Nc5 35.Ne5 Be7
36.g4 f6 37.Nc4 b5 38.Nb6 Rc6 39.Nd5 Kf7 40.Rc1 Nd7 41.Rxc6 Ne5+ 42.Ke4 Nxc6
43.Nc7 Nb4 44.a3 Nc2 45.a4 bxa4 46.bxa4 a5 47.Kd3 Nb4+ 48.Kc4 g6 49.Nd5 gxf5
50.gxf5 Na2 51.Nxe7 Kxe7 52.Be1  1-0

[Event "98th ch-GBR"]
[Site "Sheffield ENG"]
[Date "2011.07.29"]
[Round "5.28"]
[White "Jenks,C"]
[Black "Buckley,G"]
[Result "0-1"]
[WhiteElo "2146"]
[BlackElo "2380"]

1.Nf3 Nf6 2.c4 c5 3.g3 b6 4.Bg2 Bb7 5.O-O e6 6.b3 Be7 7.Bb2 Qc7 8.d3 O-O
9.Nbd2 Nc6 10.a3 Rad8 11.Qc2 a6 12.Rac1 Qb8 13.Qb1 Rfe8 14.Qa1 b5 15.Rfd1 d5
16.d4 dxc4 17.bxc4 cxd4 18.cxb5 axb5 19.Nxd4 Nxd4 20.Bxd4 Bxg2 21.Kxg2 Bxa3
22.Rb1 e5 23.Be3 Qa8+ 24.Kg1 Rb8 25.Rb3 b4 26.Nc4 Qa6 27.Nxe5 Qxe2 28.Nd7 Nxd7
29.Rxd7 Qc2 30.Rbd3 b3 31.Rxf7 b2 32.Rxg7+ Kxg7 33.Rd7+ Kg6  0-1

[Event "Montecatini Open A"]
[Site "Montecatini Terme ITA"]
[Date "2011.07.31"]
[Round "1"]
[White "Braga,F"]
[Black "Casarosa,M"]
[Result "1-0"]
[WhiteElo "2447"]
[BlackElo "1976"]

1.Nf3 Nf6 2.c4 c5 3.g3 b6 4.Bg2 Bb7 5.O-O e6 6.Nc3 Be7 7.Re1 d6 8.e4 Nbd7
9.d4 cxd4 10.Nxd4 Qb8 11.Bg5 O-O 12.f4 Rc8 13.e5 Bxg2 14.exf6 gxf6 15.Bh6 Bh3
16.Qh5  1-0

[Event "112th US Open"]
[Site "Orlando USA"]
[Date "2011.08.06"]
[Round "8"]
[White "Sadorra,J"]
[Black "Haskel,J"]
[Result "1-0"]
[WhiteElo "2495"]
[BlackElo "2212"]

1.Nf3 Nf6 2.g3 b6 3.Bg2 Bb7 4.c4 c5 5.O-O e6 6.Nc3 Be7 7.Re1 Nc6 8.e4 Qb8
9.e5 Ng4 10.h3 Nh6 11.g4 f5 12.exf6 gxf6 13.d4 cxd4 14.Nd5 Nf7 15.Bf4 e5
16.g5 fxg5 17.Nxe7 gxf4 18.Nxc6 Bxc6 19.Nxe5 O-O 20.Nxc6 dxc6 21.Bxc6 Qd6
22.Bxa8 Rxa8 23.Qg4+ Kh8 24.Re6 Qd7 25.Rae1 Rg8 26.Re8 Qxe8 27.Rxe8 Rxe8
28.Qd7 Re1+ 29.Kg2 f3+ 30.Kg3 Ne5 31.Qxd4 Kg7 32.Kf4  1-0